[Event "Istanbul op-A 10th"]
[Site "Istanbul"]
[Date "2011.09.18"]
[Round "9"]
[White "Yaser, Taweel"]
[Black "Bakr, Jwan"]
[Result "0-1"]
[WhiteElo "2064"]
[BlackElo "2322"]
[PlyCount "101"]
[EventDate "2011.09.12"]
[EventType "swiss"]
[EventRounds "9"]
[EventCountry "TUR"]
[SourceTitle "CBM 144 Extra"]
[Source "ChessBase"]
[SourceDate "2011.10.28"]
[SourceVersion "1"]
[SourceVersionDate "2011.10.28"]
[SourceQuality "1"]

1. Nc3 c5 2. d4 cxd4 3. Qxd4 Nc6 4. Qh4 Nf6 5. Bg5 e6 6. 0-0-0 Be7 7. Nf3 Qa5 8. Kb1 d5 9. e3 Bd7 10. Nd2 Rc8 11. Nb3 Qb6 12. Bb5 a6 13. Bxc6 Bxc6 14. Qd4 Qd8 15. f3 h6 16. Bh4 0-0 17. g4 b5 18. Rhg1 b4 19. Bxf6 gxf6 20. Ne2 a5 21. Ng3 a4 22. Nc1 Qc7 23. Qd2 a3 24. b3 Bb5 25. Nd3 Qc3 26. Ne2 Qxd2 27. Rxd2 Rc7 28. Nef4 Rfc8 29. Rgd1 Kf8 30. h4 Bd6 31. Ne2 e5 32. f4 d4 33. e4 Ke7 34. fxe5 fxe5 35. Ng3 Bd7 36. Nf5+ Bxf5 37. gxf5 Rg8 38. Rh2 h5 39. Rf1 Kf6 40. Nf2 Bf8 41. Nh3 Bh6 42. Rg1 Rxg1+ 43. Nxg1 d3 44. Nf3 Rc3 45. Ng5 dxc2+ 46. Rxc2 Rxc2 47. Kxc2 Bxg5 48. hxg5+ Kxg5 49. Kd3 h4 50. Ke3 Kg4 51. f6 0-1

[Event "Istanbul op-A 10th"]
[Site "Istanbul"]
[Date "2011.09.12"]
[Round "2"]
[White "Neverov, Valeriy"]
[Black "Yaser, Taweel"]
[Result "1-0"]
[WhiteElo "2508"]
[BlackElo "2064"]
[PlyCount "91"]
[EventDate "2011.09.12"]
[EventType "swiss"]
[EventRounds "9"]
[EventCountry "TUR"]
[SourceTitle "CBM 144 Extra"]
[Source "ChessBase"]
[SourceDate "2011.10.28"]
[SourceVersion "1"]
[SourceVersionDate "2011.10.28"]
[SourceQuality "1"]

1. Nf3 Nc6 2. g3 e5 3. d3 Be7 4. Bg2 h5 5. c4 h4 6. Rg1 h3 7. Bh1 d6 8. Nc3 Nf6 9. Bg5 Ng4 10. Bxe7 Nxe7 11. d4 c6 12. Qd2 exd4 13. Nxd4 Qa5 14. e4 Ne5 15. b3 Rh6 16. 0-0-0 Bd7 17. f4 Ng4 18. Kb2 0-0-0 19. Bf3 Nf6 20. g4 Ne8 21. Rge1 Nc7 22. Nf5 Nxf5 23. exf5 b5 24. cxb5 d5 25. Rc1 Kb7 26. bxc6+ Bxc6 27. Qd4 Rf6 28. Ne4 Rh6 29. b4 Qb6 30. Qxb6+ Kxb6 31. Ng5 Rd7 32. Red1 Nb5 33. Rc5 Nc7 34. Rdc1 Bb7 35. a3 Na6 36. R5c2 Bc6 37. Be2 Ba4 38. Rd2 Nc7 39. Nf3 f6 40. Nd4 Rh8 41. Rc5 Re8 42. Ra5 Bc6 43. Rc2 Bb7 44. a4 Re4 45. Rb5+ Ka6 46. Rb6+ 1-0

[Event "Istanbul op 9th"]
[Site "Istanbul"]
[Date "2010.08.28"]
[Round "9"]
[White "Odeev, Handszar"]
[Black "Yaser, Taweel"]
[Result "1-0"]
[WhiteElo "2410"]
[BlackElo "2113"]
[PlyCount "75"]
[EventDate "2010.08.21"]
[EventType "swiss"]
[EventRounds "9"]
[EventCountry "TUR"]
[SourceTitle "CBM 138 Extra"]
[Source "ChessBase"]
[SourceDate "2010.10.29"]
[SourceVersion "1"]
[SourceVersionDate "2010.10.29"]
[SourceQuality "1"]

1. e4 e5 2. Nf3 Qe7 3. Nc3 c6 4. d4 d6 5. Be2 h6 6. a4 g6 7. 0-0 Bg7 8. dxe5 dxe5 9. b3 Be6 10. Ba3 Qf6 11. Qd6 Nd7 12. Qc7 Rb8 13. Qa5 Bf8 14. Bxf8 Kxf8 15. Qxa7 Ne7 16. Rfd1 Kg7 17. Qe3 g5 18. Rd6 g4 19. Ne1 Nc8 20. Rd2 Nf8 21. Nd3 Ng6 22. Nc5 h5 23. Rad1 Nf4 24. Bc4 Ne7 25. Bxe6 fxe6 26. Nd7 Qg5 27. Nxb8 Rxb8 28. Rd7 Kf7 29. Rc7 h4 30. Rdd7 Re8 31. Rxb7 Kg8 32. a5 Nc8 33. a6 Rd8 34. a7 Nxa7 35. Rxd8+ Qxd8 36. Qxa7 Ne2+ 37. Kf1 Ng3+ 38. hxg3 1-0

[Event "Istanbul op 9th"]
[Site "Istanbul"]
[Date "2010.08.26"]
[Round "7"]
[White "Gvetadze, Sofio"]
[Black "Yaser, Taweel"]
[Result "1-0"]
[WhiteElo "2355"]
[BlackElo "2113"]
[PlyCount "91"]
[EventDate "2010.08.21"]
[EventType "swiss"]
[EventRounds "9"]
[EventCountry "TUR"]
[SourceTitle "CBM 138 Extra"]
[Source "ChessBase"]
[SourceDate "2010.10.29"]
[SourceVersion "1"]
[SourceVersionDate "2010.10.29"]
[SourceQuality "1"]

1. Nf3 Nf6 2. d4 g6 3. Nbd2 Bg7 4. e3 d6 5. Bc4 c6 6. a4 0-0 7. 0-0 Qa5 8. c3 Qh5 9. Re1 d5 10. Be2 Ne4 11. Nxe4 dxe4 12. Nd2 Qh4 13. g3 Qh6 14. Nxe4 f5 15. Nc5 g5 16. Nxb7 Nd7 17. Nc5 Nf6 18. f4 Ne4 19. Nxe4 fxe4 20. a5 Rb8 21. b4 Rd8 22. Qc2 Qg6 23. a6 g4 24. Ra5 Bf5 25. Ba3 e6 26. Rc5 Rb6 27. Qa4 Qe8 28. b5 cxb5 29. Bxb5 Qf7 30. Rc6 Rxc6 31. Bxc6 Rb8 32. Bb7 Qc7 33. Bc5 Bf8 34. Qb5 Rd8 35. c4 Bxc5 36. Qxc5 Rd7 37. Qxa7 Qa5 38. Re2 Qa1+ 39. Kg2 Qd1 40. Rf2 h5 41. Qb8+ Kh7 42. Qe8 Rxd4 43. Qf7+ Kh6 44. Qf6+ Kh7 45. Qxd4 Qe1 46. Bxe4 1-0

[Event "Troya op"]
[Site "Canakkale"]
[Date "2010.08.12"]
[Round "6"]
[White "Secer, Ata"]
[Black "Yaser, Taweel"]
[Result "1-0"]
[WhiteElo "2325"]
[BlackElo "2113"]
[PlyCount "75"]
[EventDate "2010.08.07"]
[EventType "swiss"]
[EventRounds "9"]
[EventCountry "TUR"]
[SourceTitle "CBM 137 Extra"]
[Source "ChessBase"]
[SourceDate "2010.09.01"]
[SourceVersion "1"]
[SourceVersionDate "2010.09.01"]
[SourceQuality "1"]

1. e4 Nc6 2. Nf3 d5 3. exd5 Qxd5 4. Nc3 Qh5 5. Be2 Bg4 6. h3 Nf6 7. 0-0 Bxh3 8. gxh3 Qxh3 9. d3 h6 10. Re1 0-0-0 11. Bf1 Qh5 12. Ne5 Qxd1 13. Nxd1 Nd4 14. Ne3 Nd7 15. Bh3 e6 16. Nxf7 Nf3+ 17. Kf1 Nxe1 18. Kxe1 Bb4+ 19. Ke2 Rhf8 20. Nxd8 Kxd8 21. Bxe6 Ne5 22. c3 Be7 23. Bf5 c6 24. d4 Nf7 25. Bd2 Nd6 26. Bd3 Bh4 27. f3 Bg5 28. Nc4 Be7 29. Nxd6 Bxd6 30. Rg1 Re8+ 31. Be4 Re7 32. Rg6 Kc7 33. Kd3 Rf7 34. c4 Bf8 35. Be1 Kd7 36. Bg3 Be7 37. Be5 Bf8 38. c5 1-0

[Event "Antakya op"]
[Site "Antakya"]
[Date "2010.07.19"]
[Round "7"]
[White "Erdogdu, Mert"]
[Black "Yaser, Taweel"]
[Result "1-0"]
[WhiteElo "2448"]
[BlackElo "2113"]
[PlyCount "95"]
[EventDate "2010.07.15"]
[EventType "swiss"]
[EventRounds "9"]
[EventCountry "TUR"]
[SourceTitle "CBM 137 Extra"]
[Source "ChessBase"]
[SourceDate "2010.09.01"]
[SourceVersion "1"]
[SourceVersionDate "2010.09.01"]
[SourceQuality "1"]

1. e4 Nc6 2. Nf3 d5 3. exd5 Qxd5 4. Nc3 Qh5 5. Nb5 Kd8 6. d4 Bg4 7. Bf4 Bxf3 8. Qxf3 Qxf3 9. gxf3 Nb4 10. 0-0-0 Nd5 11. Bg3 a6 12. Na3 b5 13. c3 h5 14. h3 h4 15. Bh2 g6 16. Nc2 Bh6+ 17. Kb1 Ngf6 18. Ne1 Nh5 19. Nd3 Nhf4 20. Nc5 e6 21. a4 c6 22. Kc2 Ke7 23. Ra1 Rhb8 24. Bd3 a5 25. axb5 cxb5 26. Be4 Rc8 27. Bxf4 Bxf4 28. Bxd5 exd5 29. Rhe1+ Kd8 30. Nb7+ Kd7 31. Nxa5 Re8 32. Rxe8 Rxe8 33. Kd3 Re6 34. Nb7 Rf6 35. Nc5+ Kc8 36. Ra8+ Kc7 37. Ra7+ Kc8 38. Ke2 Rf5 39. Rb7 Bd6 40. Rxb5 Rg5 41. Ne4 Rg1 42. Nxd6+ Kd7 43. Nxf7 Ke6 44. Ne5 g5 45. f4 Rh1 46. Nf3 gxf4 47. Nxh4 Rxh3 48. Rb6+ 1-0

[Event "Agana op"]
[Site "Agana"]
[Date "2007.11.04"]
[Round "4"]
[White "Zarkua, Davit"]
[Black "Yaser, Taweel"]
[Result "1-0"]
[WhiteElo "2338"]
[BlackElo "2049"]
[PlyCount "89"]
[EventDate "2007.11.02"]
[EventType "swiss"]
[EventRounds "9"]
[EventCountry "TUR"]
[SourceTitle "CBM 121 Extra"]
[Source "ChessBase"]
[SourceDate "2008.01.10"]
[SourceVersion "1"]
[SourceVersionDate "2008.01.10"]
[SourceQuality "1"]

1. Nf3 Nf6 2. c4 g6 3. g3 Bg7 4. Bg2 d6 5. d4 0-0 6. Nc3 Re8 7. 0-0 c6 8. e4 Qa5 9. Ne1 Be6 10. d5 Bd7 11. Nd3 Qa6 12. c5 cxd5 13. cxd6 exd6 14. Nb4 Qa5 15. Nbxd5 Nxd5 16. Nxd5 Bb5 17. Re1 Nc6 18. Bg5 Re6 19. a4 Bc4 20. Bd2 Qd8 21. Be3 Re8 22. Rc1 Bxd5 23. Qxd5 Bxb2 24. Rb1 Bc3 25. Rec1 Bb4 26. Qb5 Ba3 27. Rc3 Re5 28. Qd3 Bc5 29. Rxb7 Rb8 30. Rxb8 Qxb8 31. h4 Nb4 32. Qd1 Qb6 33. Kh2 Bxe3 34. Rxe3 a5 35. Qb3 Qd4 36. Rf3 Re7 37. Rf4 Nd3 38. Qd1 Qc4 39. Bf1 Nb2 40. Qxd6 Qc7 41. e5 Qa7 42. Qd2 Qb7 43. Bb5 Nxa4 44. Bxa4 Rxe5 45. Qd8+ 1-0